Online Catalogue and eLibrary

Old mistresses : (Record no. 111)

MARC details
000 -LEADER
fixed length control field 00743cam a2200253 a 4500
001 - CONTROL NUMBER
control field 4207477
005 - DATE AND TIME OF LATEST TRANSACTION
control field 20231130234852.0
008 - FIXED-LENGTH DATA ELEMENTS--GENERAL INFORMATION
fixed length control field 811204r19811981nyua b 001 0 eng
020 ## - INTERNATIONAL STANDARD BOOK NUMBER
ISBN 0863581854 :
020 ## - INTERNATIONAL STANDARD BOOK NUMBER
ISBN 0394708148 (pbk.) :
040 ## - CATALOGING SOURCE (பட்டியலாக்க மூலம்)
Original cataloging agency DLC
Transcribing agency DLC
Modifying agency DLC
082 00 - DDC Classification
Class No. 704/.042
DDC Edition Number 19
Item Number - Author Mark ROZ.
100 1# - MAIN ENTRY--PERSONAL NAME
Personal name Parker, Rozsika.
245 10 - TITLE STATEMENT
Title Old mistresses :
Remainder of title women, art, and ideology /
Statement of responsibility, etc. Rozsika Parker, Griselda Pollock.
250 ## - EDITION STATEMENT
Edition statement 1st
260 ## - PUBLICATION, DISTRIBUTION, ETC.
Place of publication, distribution, etc. New York :
Name of publisher, distributor, etc. Pantheon Books,
Date of publication, distribution, etc. 1981.
300 ## - PHYSICAL DESCRIPTION
Extent (e.g. Volumes, Pages etc.) xxi, 184 p. :
500 ## - GENERAL NOTE
General note Originally published: London : Routledge and Kegan Paul, 1981.
500 ## - GENERAL NOTE
General note Includes index.
650 #0 - SUBJECT ADDED ENTRY--TOPICAL TERM
Topical term or geographic name entry element Women artists.
650 #0 - SUBJECT ADDED ENTRY--TOPICAL TERM
Topical term or geographic name entry element Feminism and art.
700 1# - ADDED ENTRY--PERSONAL NAME
Personal name Pollock, Griselda.
942 ## - Koha item type (Biblio)
Koha item type Books in Stacks (Lending)
Holdings
Lost status Damaged status Collection code Home library Current library Date acquired Full call number Accession Number Item type
    Lending WERC Library WERC Library 12/01/2023 704/.042 ROZ. 2064 Books in Stacks (Lending)

© WERC Library